Geography by Numbers II Quiz Stats

Quiz Updated Apr 25, 2018

Challenge
Share
Tweet
Embed
Score 0/55 Timer 06:00
5 Plays Today
% Correct
Pacific Ocean
95.8%
Atlantic Ocean
95.7%
Indian Ocean
94.2%
Texas
93.5%
Nile
92%
Germany
91.7%
New Mexico
90.5%
California
88.8%
Arizona
86.2%
Arctic Ocean
85.3%
United Kingdom
85.2%
China
82.4%
Paraguay
80.6%
Russia
79.7%
Quebec
77.9%
Iceland
76.7%
Bolivia
76.5%
Vatican City
75.9%
Ireland
72.2%
Southern Ocean
72%
Czechia
71.1%
Chile
70.6%
Chad
69.7%
Finland
69.5%
Ontario
69.5%
France
69%
Spain
67.8%
Swaziland
67.4%
% Correct
Lithuania
66.3%
Monaco
65%
Ukraine
65%
Alberta
64.8%
Slovakia
63.4%
Newfoundland and Labrador
63.4%
Andorra
63.1%
British Columbia
62%
San Marino
61.1%
Luxembourg
61%
Belarus
60.8%
Liechtenstein
59.8%
Switzerland
59%
Poland
53.5%
Algeria
53.1%
Netherlands
52.9%
Nova Scotia
52.5%
Prince Edward Island
49.8%
Saskatchewan
49.3%
Manitoba
49.2%
New Zealand
48.3%
Thailand
44.5%
Mali
44%
New Brunswick
36.9%
Ghana
36.9%
Togo
33.5%
Burkina Faso
31.3%

You're not logged in!

Compare scores with friends on all Sporcle quizzes.
Join for Free
OR
Log In

You Might Also Like...

Show Comments

Extras

Top Quizzes Today


Score Distribution

Your Account Isn't Verified!

In order to create a playlist on Sporcle, you need to verify the email address you used during registration. Go to your Sporcle Settings to finish the process.

Report this User

Report this user for behavior that violates our Community Guidelines.

Details: